000 00807nam a2200301Ia 4500
001 7399
005 20240113234013.0
007 ta
008 050705s 198 a g b000 u eng u
020 _cHB
040 _aCotton College,Assam
041 _aeng
082 _a551.8
_bVa 23 As
100 _aValdiya, K.S. .
245 0 _aAspects of Tectonics: Focus on South-Central Asia /
_cK.S. Valdiya.
_hTextual Documents
250 _a1st ed. /
260 _aNew Delhi :
_bTata Mcgraw-Hill Publishing Company Ltd ,
_cC 1984.
300 _axiii, 319p. :
_bill. ;
_c26cm .
504 _aIndex
653 _aGeology-Asia(South-Central)
653 _aTectonics
653 _aPG-Geology
942 _2ddc
_cBK
999 _c7386
_d7386